Information Storage And Retrieval Systems (Record no. 342201)
[ view plain ]
| 000 -LEADER | |
|---|---|
| fixed length control field | 00491nam a2200169Ia 4500 |
| 008 - FIXED-LENGTH DATA ELEMENTS--GENERAL INFORMATION | |
| fixed length control field | 230718s9999 xx 000 0 und d |
| 020 ## - INTERNATIONAL STANDARD BOOK NUMBER | |
| International Standard Book Number | 9788181284976 |
| 041 ## - LANGUAGE CODE | |
| Language code of text/sound track or separate title | eng |
| 082 ## - DEWEY DECIMAL CLASSIFICATION NUMBER | |
| Classification number | 004.678 |
| Item number | KOW |
| 100 ## - MAIN ENTRY--PERSONAL NAME | |
| Personal name | Kowalski G.J. |
| 245 ## - TITLE STATEMENT | |
| Title | Information Storage And Retrieval Systems |
| Remainder of title | Theory And Implementation |
| 250 ## - EDITION STATEMENT | |
| Edition statement | 2nd ed. |
| 260 ## - PUBLICATION, DISTRIBUTION, ETC. (IMPRINT) | |
| Name of publisher, distributor, etc. | Springer |
| 365 ## - TRADE PRICE | |
| Currency code | Rs. |
| Price amount | 950.00 |
| 700 ## - ADDED ENTRY--PERSONAL NAME | |
| Personal name | Kowalski G.J. & Maybury M.T. |
| 906 ## - LOCAL DATA ELEMENT F, LDF (RLIN) | |
| d | O:0512822-Jun-2016B:IN 17017-Jun-2016 |
| c | COMP |
| b | 475 |
| Withdrawn status | Lost status | Damaged status | Not for loan | Home library | Current library | Date acquired | Vendor | Budget Code | Cost, normal purchase price | Bill number | Total Checkouts | Full call number | Barcode | Date last seen | Discount | Cost, replacement price | Bill Date | Koha item type | Original Barcode |
|---|---|---|---|---|---|---|---|---|---|---|---|---|---|---|---|---|---|---|---|
| Cummins College of Engineering for Women Pune | Cummins College of Engineering for Women Pune | 22/06/2016 | Pradeep Book Distributors | COMP | 712.50 | IN 170 | 004.678 | CCEP-BK-53408 | 18/07/2023 | 475 | 950.00 | 17/06/2016 | Books | 053408 |